Tracks Kyle Larson Has Won At - Statistics

General Stats
  • This quiz has been taken 3 times
  • The average score is 14 of 17
Answer Stats
Times Won Answer % Correct
3 Bristol
100%
1 Charlotte
100%
2 Charlotte Roval
100%
1 Dover
100%
2 Homestead-Miami
100%
3 Las Vegas
100%
1 Martinsville
100%
2 Richmond
100%
2 Sonoma
100%
2 Watkins Glen
100%
1 Darlington
67%
1 Indianapolis
67%
3 Michigan
67%
1 Nashville
67%
1 Phoenix
67%
3 Kansas
33%
1 Texas
33%
No matching quizzes found
Score Distribution
Percent of People with Each Score
Percentile by Number Answered
Your Score History
You have not taken this quiz